| 000 | 00487nam a2200169Ia 4500 | ||
|---|---|---|---|
| 008 | 230917s9999||||xx |||||||||||||| ||und|| | ||
| 020 | _cRS729 | ||
| 040 |
_e236761 _aMAIN |
||
| 041 | _aEnglish | ||
| 082 | _a621.3 R143M | ||
| 100 | _aRamachandran, K P | ||
| 245 | 0 | _aMechatronics: Integrated mechanical electronic systems | |
| 260 |
_aNew Delhi _bWiley India _c2016 |
||
| 300 | _axxii, 830 p. | ||
| 500 | _a2519 22/12/2016 HBD17/6757 28/12/2016 Main Budget Periodicals | ||
| 942 | _cBK | ||
| 999 |
_c20387 _d20387 |
||